000 00338nam a2200133Ia 4500
005 20251222143132.0
008 251222s9999||||xx |||||||||||||| ||spa||
020 _a978-987-576-148-3
082 _a372.7/C35
100 _aCastro, Adriana
245 0 _aEnseñar Matemática en la Escuela Primaria
264 _bTinta Fresca
942 _cLIB
999 _c11945
_d11945